| 000 | 00584nam a22001457a 4500 | ||
|---|---|---|---|
| 020 | _a978-0-143-41895-5 | ||
| 082 |
_a100 _bTHA/B |
||
| 100 | _aTHAROOR, SHASHI | ||
| 245 | _aBOOKLESS IN BAGHDAD | ||
| 260 |
_aHARYANA _bPENGUINB RANDOM HOUSE INDIA LTD _c2012 |
||
| 300 | _a236 | ||
| 520 | _aIn the title story, "Bookless in Baghdad", Tharoor writes about his experience when he visits Baghdad on a UN initiative soon after the Gulf War. The book contains five parts: Inspirations, Reconsiderations, The literary life, Appropriations and Interrogations. | ||
| 650 | _aSTORY | ||
| 942 | _cBK | ||
| 999 |
_c6903 _d6903 |
||